Validity of CAPM and Market Beta

Porovnanie metód výpočtu beta koeficientu pri investícii. Metóda CAPM (metóda ocenenia kapitálových aktív) - analýza výhod a nevýhod v praxi.

Gespeichert in:
Bibliographische Detailangaben
1. Verfasser: Siváková, Bernadeta
Format: Buchkapitel
Sprache:Englisch
Schlagworte:
Tags: Tag hinzufügen
Keine Tags, Fügen Sie das erste Tag hinzu!

MARC

LEADER 00000nla a2200000 4500
001 0214072
005 20240502073557.4
041 0 |a eng 
044 |a SK 
245 1 0 |a Validity of CAPM and Market Beta  |c Bernadeta Siváková 
520 |a Porovnanie metód výpočtu beta koeficientu pri investícii. Metóda CAPM (metóda ocenenia kapitálových aktív) - analýza výhod a nevýhod v praxi. 
610 2 0 |a model CAPM 
610 2 0 |a koeficient beta 
610 2 0 |a investovanie 
100 1 |a Siváková, Bernadeta